| 000 | 01084nam a2200325 i 4500 | ||
|---|---|---|---|
| 003 | EG-GICUC | ||
| 005 | 20260208075401.0 | ||
| 008 | 260208s1952 nyub|||fr|||| 001 0 eng d | ||
| 040 |
_aEG-GiCUC _bara _cEG-GiCUC _dEG-GiCUC _erda |
||
| 041 | 0 | _aeng | |
| 082 | 0 | 4 |
_221 _a341.8 _bHO . S |
| 092 | 0 | 4 | _221 |
| 099 | _aLaw1 12 341.8 HO . S 1952 | ||
| 100 | 1 |
_aHolleman J. F. _eAuthor. |
|
| 245 | 1 | 0 |
_aShona customary law : _bWith reference to kinship, Marriage, the family and the Estate _cHolleman J. F., M.A., Ph.D. |
| 264 |
_aLondon : _bOxford university press, _c1952. |
||
| 300 |
_a401 pages : _billustrations, _c24 cm |
||
| 336 |
_2rda content _atext |
||
| 337 |
_2rda media _aComputer |
||
| 338 |
_2rda carrier _aOnline Resource |
||
| 500 | _aIncludes maps | ||
| 504 | _aIncludes bibliographical references and index. | ||
| 650 | 1 | 0 |
_aPrivate international law _2qrmak |
| 651 | 1 | _2qrmak | |
| 700 | 1 |
_aM.A., _ejoint author. |
|
| 700 | 1 |
_aPh.D. _ejoint author. |
|
| 856 | 4 | 0 | _uhttps://fll.law.cu.edu.eg/fulltext/bks/B12-02054.pdf |
| 905 | _a78 | ||
| 942 |
_2ddc _cBK _e21 _n0 |
||
| 999 |
_c61460 _d61460 |
||